|
|
|
|
| LEADER |
00000nab a2200000 a 4500 |
| 001 |
vtls000877078 |
| 003 |
SK-MaSNL |
| 005 |
20260319075113.0 |
| 008 |
040806c2004 xo 0 hun |
| 015 |
|
|
|a SNBRB2004/06-19566
|
| 035 |
|
|
|a CLN000228630
|
| 040 |
|
|
|a SNKBUCL
|b slo
|c SNKBUCL
|e AACR2
|
| 041 |
0 |
|
|a slo
|
| 044 |
|
|
|a xo
|c SK
|
| 080 |
|
|
|a 791.43-1/-9
|2 UDC-MRF-SK2
|
| 100 |
1 |
|
|a Bartal, Mária B.
|4 aut
|9 316249
|
| 245 |
1 |
0 |
|a Barangolás a művészetben
|b modern művészetek
|n VII.
|c B. Bartal Mária
|
| 300 |
|
|
|b Obr.
|
| 650 |
0 |
7 |
|a filmové žánre
|2 snkbucl
|9 69475
|
| 650 |
0 |
7 |
|a film
|2 snkbucl
|9 1425
|
| 655 |
|
7 |
|a články z novín a časopisov
|2 snkbucl
|9 267496
|
| 773 |
0 |
|
|x 1335-6593
|t Tábortűz
|g Roč. 53, č. 9 (2004), s. 19
|
| 850 |
|
|
|a Slovenská národná knižnica v Martine
|
| 852 |
|
|
|a SNK
|b KIS3GCP
|
| 999 |
|
|
|c 1375513
|d 1377443
|